MLB Multiple Choice - Statistics

General Stats
  • This quiz has been taken 170 times
  • The average score is 11 of 15
Answer Stats
Question Answer % Correct
Who is the all-time career home runs leader? Barry Bonds
100%
Which stadium is notorious for offensive conditions because of its high altitude? Coors Field, Denver
90%
Who's record did Cal Ripken break when he set the record for most consecutive games played? Lou Gehrig
90%
Who was known as the "Say Hey Kid"? Willie Mays
90%
What team moved to the American League in 2013, ensuring that both leagues had 15 teams? Houston Astros
80%
Which of these years had no World Series due to a players' strike? 1994
70%
What is the smallest city (by city proper population) that currently has an MLB team? Cincinnati, Ohio
70%
Which of these cities does NOT have multiple teams? Dallas, Texas
70%
Who threw the only no-hitter (and perfect game) in World Series history? Don Larsen
70%
What is the oldest active stadium in the MLB? Fenway Park, Boston
70%
Who has the highest career batting average at .366? Ty Cobb
70%
Which team has the longest active World Series drought? Cleveland Indians
60%
Who was the 2016 National League MVP? Kris Bryant, Chicago Cubs
50%
Which of these teams has never won a World Series? Milwaukee Brewers
50%
What National League team has won the most World Series's? St. Louis Cardinals
40%
No matching quizzes found
Score Distribution
Percent of People with Each Score
Percentile by Number Answered
Your Score History
You have not taken this quiz